| 000 | 00728cam a22002533a 4500 | ||
|---|---|---|---|
| 001 | 26404 | ||
| 003 | PGUSA | ||
| 005 | 20140828083552.0 | ||
| 008 | 080823s2008||||xxu|||||s|||||000 1 eng d | ||
| 040 |
_aPGUSA _beng |
||
| 042 | _adc | ||
| 050 | 4 | _aPQ | |
| 100 | 1 |
_aAbout, Edmond, _d1828-1885 |
|
| 245 | 1 | 0 |
_aLa nariz de un notario _h[electronic resource] / _cEdmond About |
| 260 |
_bProject Gutenberg, _c2008 |
||
| 506 | _aPublic domain in the USA. | ||
| 516 | _aElectronic text | ||
| 653 | _aFrench fiction -- Translations into Spanish | ||
| 700 | 1 | _aPineda, Carlos de | |
| 740 | 0 | _aLe nez d'un notaire. Spanish | |
| 830 | 0 |
_aProject Gutenberg _v26404 |
|
| 856 | 4 | 0 | _uhttp://www.gutenberg.org/ebooks/26404 |
| 942 | _cEB | ||
| 999 |
_c255659 _d255659 |
||